000 01400nam a2200349 i 4500
999 _c3708
_d3708
003 OSt
005 20240926150557.0
008 230116s2023 nyu ed 000 1 eng d
010 _a2022037592
020 _a9781529159721
040 _aNjBwBT
_beng
_cNjBwBT
_dIMmBT
_dNjBwBT
_dCaNSH
_dCaOL
_dKH8
082 _aFIC PAT
100 1 _aPatterson, James,
_d1947-
_eauthor.
245 1 4 _aThe house of Wolves /
_cJames Patterson & Mike Lupica.
260 _aUK ;
_bPenguin Random House,
_c2023.
300 _a390 pages ;
_c24 cm.
336 _atext
_btxt
_2rdacontent.
337 _aunmediated
_bn
_2rdamedia.
338 _avolume
_bnc
_2rdacarrier.
500 _a"Murder runs in the family"--Front cover.
520 _aThe Wolfs, the most powerful family in California, have a new head--thirty-six-year-old former high school teacher Jenny Wolf. That means Jenny now runs the prestigious San Francisco Tribune. She also controls the legendary pro football team, the Wolves. And she hopes to solve her father's murder.
650 0 _aFathers and daughters
_vFiction.
650 0 _aMurder
_vFiction.
650 0 _aFamilies
_vFiction.
650 0 _aNewspapers
_vFiction.
650 0 _aFootball teams
_vFiction.
650 0 _aDetective and mystery fiction.
_2genre.
651 0 _aSan Francisco (Calif.)
_vFiction.
651 0 _aCalifornia
_vFiction.
700 1 _aLupica, Mike,
_eauthor.
942 _2ddc
_cFIC